000 00206nam a22000857a 4500
008 160819b xxu||||| |||| 00| 0 eng d
100 _9182
_aSingh L
245 _aMathematics-8
260 _aNew Delhi
_bDhanpat
_c2012
999 _c2840
_d2840